Méthode active de dessin technique /

Coupes. Désignation. Écriture. Filetages. Lecture de dessin. Cotation. Normalisation. Présentation. Représentation. États de surface. Tolérances. Schémas technologiques. Dimensions Normalisées. Intersections.

Guardado en:
Detalles Bibliográficos
Autor principal: Ricordeau, André.
Otros Autores: Compain-Mefray, Pierre.
Formato: Libro
Lenguaje:French
Publicado: Paris : Les Nouveautés de l' enseignement, 1978.
Materias:
Etiquetas: Agregar Etiqueta
Sin Etiquetas, Sea el primero en etiquetar este registro!
Thư viện lưu trữ: Mạng thư viện Đại học Đà Nẵng
LEADER 01166cam a2200373 i 4500
001 000044247
003 2599
005 20030220150730.0
008 010307|1978 vm 000 fre
020 |a 2713502500 
022 |a T 
040 |a IRC  |c IRC  |d IRC 
041 0 |a fre 
082 1 4 |a 604.2  |b RI-A 
100 1 |a Ricordeau, André. 
245 0 0 |a Méthode active de dessin technique /  |c André Ricordeau, Pierre Compain-Mefray. 
260 |a Paris :  |b Les Nouveautés de l' enseignement,  |c 1978. 
300 |a 186p. ;  |c 21cm. 
520 3 |a Coupes. Désignation. Écriture. Filetages. Lecture de dessin. Cotation. Normalisation. Présentation. Représentation. États de surface. Tolérances. Schémas technologiques. Dimensions Normalisées. Intersections. 
630 0 4 |a Dessin. 
630 0 4 |a Dessin Technique. 
630 0 4 |a Methode. 
650 0 4 |a Dessin Technique  |x Methode. 
700 1 |a Compain-Mefray, Pierre. 
OWN |a DUT 
999 |a From the UDN01 
TYP |a Monograph 
TYP |a Printed language 
980 |a Mạng thư viện Đại học Đà Nẵng